Sports Quiz

Random Sports or WWE Quiz
Score 0/30 Timer 07:00
0 Plays Today
Entry Number Wrestler % Correct
1Stone Cold Steve Austin
80%
23Triple H
72.9%
18Kane
70%
2Mr. McMahon
59.4%
5Edge
57.6%
29Owen Hart
57.6%
20Billy Gunn
50%
12Road Dogg
47.1%
30Chyna
47.1%
19Ken Shamrock
46.5%
25X-Pac
45.9%
22Big Boss Man
44.7%
21Test
44.1%
28D’Lo Brown
44.1%
26Mark Henry
42.4%
Entry Number Wrestler % Correct
11Mabel
41.8%
27Jeff Jarrett
41.8%
17The Godfather
39.4%
24Val Venis
39.4%
15Al Snow
38.2%
13Gangrel
36.5%
16Goldust
35.9%
7Steve Blackman
34.7%
4Droz
33.5%
3Golga
31.8%
6Gillberg
29.4%
14Kurrgan
25.3%
9Tiger Ali Singh
24.7%
8Dan Severn
22.9%
10The Blue Meanie
22.4%
Come Together.
Have Fun.
All Virtual.
We all need to come together. Play Sporcle's virtual live trivia to have fun, connect with people, and get your trivia on. Join a live hosted trivia game for your favorite pub trivia experience done virtually. If a virtual private party is more your thing, go here for details.

You're not logged in!

Compare scores with friends on all Sporcle quizzes.
OR
Log In

Sporcle TV

Today on Sporcle TV


Watch our educational content, quiz creation guides, and fun videos on Sporcle TV.

Show Comments

Extras

Top Quizzes Today


Score Distribution

Paid Content

Your Account Isn't Verified!

In order to create a playlist on Sporcle, you need to verify the email address you used during registration. Go to your Sporcle Settings to finish the process.

Report this User

Report this user for behavior that violates our Community Guidelines.

Details: